[Event "Kragero Resort International 2022"]
[Site "Kragero"]
[Date "2022.02.23"]
[Round "2.1"]
[White "Donchenko, Alexander"]
[Black "Kanyamarala, Tarun"]
[Result "1-0"]
[WhiteElo "2636"]
[BlackElo "2343"]
[Annotator "TA"]
[PlyCount "71"]
[EventDate "2022.02.23"]
[EventType "swiss"]
[EventCountry "NOR"]
[SourceTitle "playchess.com"]
[Source "ChessBase"]
[SourceQuality "1"]

{[%evp 16,71,30,27,35,31,45,42,46,31,28,35,55,40,90,69,56,39,44,32,46,39,41,44,137,141,129,29,21,19,45,36,29,-16,-10,0,16,28,455,435,518,505,805,712,1126,1119,1126,458,437,368,346,345,306,306,372,372,389,389]} 1. d4 f5 2. g3 Nf6 3. Bg2 g6 4. Nf3 Bg7 5. c4 O-O 6. Nc3 d6 7. O-O c6 {is cutting edge theory.} 8. Re1 Na6 9. b3 e5 {A88: Dutch Defence: Leningrad System: 5 Nf3 0-0 6 0-0 d6 7 Nc3 c6.} 10. dxe5 Ng4 11. Ba3 Nxe5 {[#] White is slightly better.} 12. Qd2 $146 ({Predecessor:} 12. Rc1 Nf7 13. b4 Re8 14. e3 Nc7 15. Qb3 Ne6 16. h4 Bd7 17. Red1 Qe7 18. Rd2 {1-0 (53) Larin,I (2289)-Uryupin,I ICCF email 2011}) 12... Qa5 13. Bb2 Rd8 14. Rad1 Be6 (14... Nc5 $14) 15. Ng5 $36 {[%mdl 2048] White fights for an advantage.} Nc5 16. Nxe6 (16. f4 {looks sharper.} Ng4 17. h3 Nf6 18. e4 fxe4 19. Ncxe4 Qxd2 20. Nxf6+ Bxf6 21. Rxd2 Bxb2 22. Rxb2 Re8 23. Rbe2) 16... Nxe6 17. Qc2 Nf7 18. e3 Rac8 {[%cal Od6d5]} 19. a3 d5 (19... Re8 $14) 20. b4 Qc7 21. Qe2 (21. cxd5 $16 cxd5 22. Rc1) 21... d4 $11 22. Na4 b6 23. Qf1 Rd7 24. b5 (24. f4 {feels stronger.}) 24... cxb5 $1 25. cxb5 Qc4 26. exd4 {Threatens to win with Qxc4.} Nxd4 $2 {[%mdl 8192] [#] This move loses the game for Black.} (26... Nf8 $11 {and Black is okay.} 27. Rc1 Qxf1+ 28. Kxf1 Rxc1 29. Bxc1 Rxd4) 27. Re8+ $1 $18 {[%mdl 512]} Bf8 {White must now prevent ...Qxf1+.} (27... Rxe8 28. Qxc4) 28. Rxc8 Qxa4 (28... Qxc8 $142 29. Rxd4 Bg7) 29. Kh1 Ne5 30. f4 Ng4 31. Rxd4 (31. Rd2 $142 {Strongly threatening Qe1.} Kf7 32. Qe1) 31... Rxd4 32. Bxd4 Qxd4 33. Qc4+ Qxc4 34. Rxc4 Bc5 35. Bd5+ Kg7 36. Ra4 {Weighted Error Value: White=0.34/Black=0.55} 1-0

[Event "Kragero Resort International 2022"]
[Site "Kragero"]
[Date "2022.02.23"]
[Round "2.1"]
[White "Kveim, Ingvar Torjesen"]
[Black "Engeset, Audun"]
[Result "0-1"]
[WhiteElo "1647"]
[BlackElo "1823"]
[Annotator "NA RC"]
[PlyCount "98"]
[EventDate "2022.02.23"]
[EventType "swiss"]
[EventCountry "NOR"]
[SourceTitle "playchess.com"]
[Source "ChessBase"]
[SourceQuality "1"]
[TimeControl "5400+30"]

1. e4 {[%emt 0:00:06]} c5 {[%emt 0:00:09]} 2. Nf3 {[%emt 0:00:04]} Nc6 {[%emt 0:00:08]} 3. Bb5 {[%emt 0:00:06]} g6 {[%emt 0:00:19]} 4. c3 {[%emt 0:00:04]} Bg7 {[%emt 0:01:31]} 5. O-O {[%emt 0:00:06]} Nf6 {[%emt 0:01:14]} 6. Re1 {[%emt 0:00:05]} O-O {[%emt 0:01:41]} 7. d4 {[%emt 0:06:29]} d5 {[%emt 0:01:04]} 8. e5 {[%emt 0:00:05]} Ne4 {[%emt 0:01:03]} 9. Bd3 {[%emt 0:10:33] 9.Be3 is the modern continuation.} cxd4 {[%emt 0:02:36]} 10. cxd4 {[%emt 0:00:11]} Qb6 {[%emt 0:02:43]} 11. Bxe4 {[%emt 0:08:39]} dxe4 {[%emt 0:00:09]} 12. Rxe4 {[%emt 0:00:02] [#]} Rd8 $146 {[%emt 0:03:53]} ({Predecessor:} 12... Bf5 13. Re2 Rfd8 14. d5 Bg4 15. Bf4 Bxf3 16. gxf3 Qd4 17. Qc1 Qxd5 18. Nc3 Qxf3 {0-1 (25) Nagataki,K (1845)-Matsuda,R (2095) Tokyo 2020}) 13. Nc3 {[%emt 0:10:51]} Bf5 {[%emt 0:02:46]} 14. Na4 {[%emt 0:11:02]} Qc7 {[%emt 0:00:55]} 15. Re1 {[%emt 0:00:14]} Nxe5 {[%emt 0:01:05]} 16. Bf4 {[%emt 0:00:11]} Nxf3+ {[%emt 0:00:25]} 17. Qxf3 {[%emt 0:00:09]} Qd7 {[%emt 0:05:28]} 18. Nc3 {[%emt 0:03:28]} Bxd4 {[%emt 0:07:00]} 19. Be5 {[%emt 0:04:20]} Bxe5 {[%emt 0:05:41]} 20. Rxe5 {[%emt 0:00:04]} Be6 {[%emt 0:07:35]} 21. h3 {[%emt 0:06:09]} Qc6 {[%emt 0:05:21]} 22. Qe3 {[%emt 0:04:32]} Qb6 {[%emt 0:19:26]} 23. Qe2 {[%emt 0:02:57]} Rd4 {[%emt 0:01:09]} 24. a3 {[%emt 0:05:57]} Rad8 {[%emt 0:02:06]} 25. Rd1 {[%emt 0:02:32]} Bc4 {[%emt 0:07:10]} 26. Qe1 {[%emt 0:03:36]} e6 {[%emt 0:06:12]} 27. Rxd4 {[%emt 0:04:52]} Qxd4 {[%emt 0:00:36]} 28. Re4 {[%emt 0:01:32]} Qd3 {[%emt 0:01:04]} 29. Qc1 {[%emt 0:09:05]} f5 {[%emt 0:08:03]} 30. Rh4 {[%emt 0:01:04]} Bd5 {[%emt 0:02:55]} 31. Qg5 {[%emt 0:04:04]} Bc6 {[%emt 0:01:14]} 32. Qf6 {[%emt 0:02:23]} (32. Rxh7 $11 {remains equal.} Kxh7 33. Qe7+ Kg8 34. Qxe6+ Kh8 35. Qf6+ Kh7 36. Qe7+ Kg8 37. Qe6+ Kh8 38. Qf6+ Kh7 39. Qe7+ Kg8 40. Qe6+) 32... Qd6 {[%emt 0:00:57]} 33. b4 {[%emt 0:00:41]} e5 {[%emt 0:00:57]} 34. Qg5 {[%emt 0:00:10]} Rf8 {[%emt 0:00:31]} 35. b5 {[%emt 0:00:50]} Bd7 {[%emt 0:00:47]} 36. Qh6 {[%emt 0:00:38]} Rf7 {[%emt 0:00:23]} 37. Qe3 {[%emt 0:00:11]} e4 {[%emt 0:01:15]} 38. Qxa7 {[%emt 0:00:25]} Qf6 {[%emt 0:00:32]} 39. g3 {[%emt 0:00:48]} Qxc3 {[%emt 0:00:27]} 40. Qxb7 {[%emt 0:00:13]} Qxa3 {[%emt 0:00:42]} 41. Qd5 {[%emt 0:00:17]} Qb4 {[%emt 0:00:50]} 42. Qa8+ {[%emt 0:00:33]} Kg7 {[%emt 0:00:24]} 43. Qd5 {[%emt 0:00:16]} Qb1+ {[%emt 0:00:49]} 44. Kh2 {[%emt 0:00:18]} h5 {[%emt 0:00:32]} 45. Qe5+ {[%emt 0:01:07]} Kh7 {[%emt 0:00:27]} 46. Qd5 {[%emt 0:00:24]} Rg7 {[%emt 0:00:11]} 47. Qd2 {[%emt 0:00:55]} Qxb5 {[%emt 0:00:17]} 48. Qg5 {[%emt 0:00:17]} Qe2 {[%emt 0:00:31]} 49. Rf4 {[%emt 0:00:05]} e3 {[%emt 0:00:21]} 0-1

[Event "Kragero Resort International 2022"]
[Site "Kragero"]
[Date "2022.02.23"]
[Round "2.2"]
[White "Abdrlauf, Elham"]
[Black "Fridman, Daniel"]
[Result "1-0"]
[WhiteElo "2343"]
[BlackElo "2626"]
[Annotator "TA"]
[PlyCount "89"]
[EventDate "2022.02.23"]
[EventType "swiss"]
[EventCountry "NOR"]
[SourceTitle "playchess.com"]
[Source "ChessBase"]
[SourceQuality "1"]

{[%evp 9,89,-14,-8,-19,0,-57,-46,-37,-53,-80,47,36,43,48,108,103,120,125,106,129,136,129,368,347,347,335,464,485,476,274,269,251,311,305,308,301,299,301,301,270,295,252,313,313,317,317,318,318,328,310,310,278,440,458,472,427,496,496,496,496,496,496,496,496,487,471,493,479,581,570,6563,6414,6422,5481,29978,29979,29979,29980,29980,29981,29980,29981]} 1. e4 e5 2. Nc3 Nf6 3. d4 exd4 4. Qxd4 Nc6 5. Qd3 Bc5 6. Bf4 {C26: Vienna Game: 2...Nf6, sidelines .} d6 7. O-O-O (7. Qd2 $11) 7... Bxf2 $15 8. Nf3 {[#] Strongly threatening Qe2. Black is slightly better.} O-O $146 ({Predecessor:} 8... Bb6 9. Be2 h6 10. h3 Be6 11. Rhe1 Qd7 12. Nd5 Bxd5 13. exd5 Ne7 14. Qb3 a6 {0-1 (32) Dubov,D (2699)-Nakamura,H (2736) chess24.com INT 2020}) 9. Qe2 Nh5 {[#]} 10. Bxd6 $1 $14 cxd6 11. Qxf2 Qe7 ({Black should try} 11... Be6 $14) 12. Qd2 $16 Rd8 {[#]} 13. Nd5 $1 $36 {[%mdl 2048] Black is under strong pressure.} Qxe4 14. Re1 Qa4 15. Qg5 {[%cal Of1b5]} g6 $2 {[#] Loses the game.} (15... Bg4 $16 {was necessary.}) 16. Bb5 $1 $18 {[%mdl 512]} Qxa2 {[%cal Oh7h6] And now ...h6! would win.} 17. Bxc6 {Dancing on a razor blade. Active counter play!} Bf5 18. Ne7+ Kh8 19. Nxf5 (19. Bd5 $142 Qa1+ 20. Kd2) 19... bxc6 20. Ng3 Qa1+ 21. Kd2 Qxb2 22. Nxh5 ({But not} 22. Rb1 $6 Qg7 23. Nxh5 gxh5 24. Qxg7+ Kxg7 $18) 22... gxh5 23. Rb1 ({Don't take} 23. Qxh5 $6 Rg8 $18) 23... Qg7 24. Qxg7+ Kxg7 25. Rb7 Rdb8 26. Rxb8 Rxb8 {[%mdl 4096] Endgame KRN-KR} 27. Ra1 c5 28. Rxa7 Kf6 29. Ra6 Ke7 30. g3 Rb1 (30... Rg8 {was worth a try.} 31. Nh4 Rg5) 31. Ra4 Rf1 32. Re4+ Kf8 33. Ke2 Rc1 34. Ne1 Kg7 35. Rh4 Kh6 36. Kd2 Ra1 37. Nd3 Ra5 38. Nf4 c4 39. g4 {[%cal Rh4h5,Bg3g4,Bg4f5][%mdl 32]} Re5 40. Rxh5+ Rxh5 41. Nxh5 f5 {[#]} 42. gxf5 $1 {White mates.} Kxh5 (42... d5 43. f6) 43. Kc3 d5 44. Kd4 Kg5 45. Kxd5 {Weighted Error Value: White=0.12 (very precise) /Black=0.61} 1-0

[Event "Kragero Resort International 2022"]
[Site "Kragero"]
[Date "2022.02.23"]
[Round "2.2"]
[White "Skaar, Ben Samuel Groth"]
[Black "Lye, Sigurd"]
[Result "1/2-1/2"]
[WhiteElo "1641"]
[BlackElo "1810"]
[Annotator "NA RC"]
[PlyCount "53"]
[EventDate "2022.02.23"]
[EventType "swiss"]
[EventCountry "NOR"]
[SourceTitle "playchess.com"]
[Source "ChessBase"]
[SourceQuality "1"]
[TimeControl "5400+30"]

1. d4 {[%emt 0:00:03]} Nf6 {[%emt 0:00:05]} 2. c4 {[%emt 0:00:04]} e6 {[%emt 0:00:04]} 3. Nf3 {[%emt 0:00:05]} d5 {[%emt 0:00:06]} 4. Nc3 {[%emt 0:00:17]} Bb4 {[%emt 0:00:10]} 5. Bg5 {[%emt 0:00:40]} h6 {[%emt 0:00:10]} 6. Bxf6 {[%emt 0:00:29]} Qxf6 {[%emt 0:00:07]} 7. e3 {[%emt 0:00:07]} O-O {[%emt 0:00:09]} 8. Bd3 {[%emt 0:00:12]} dxc4 {[%emt 0:00:21]} 9. Bxc4 {[%emt 0:00:09]} c5 {[%emt 0:01:59]} 10. O-O {[%emt 0:00:36]} cxd4 {[%emt 0:00:21]} 11. exd4 {[%emt 0:00:56]} Bxc3 {[%emt 0:10:07]} 12. bxc3 {[%emt 0:00:06]} Nd7 {[%emt 0:00:17]} 13. Re1 {[%emt 0:07:42]} Rb8 {[%emt 0:06:54]} 14. a4 {[%emt 0:07:14]} b6 {[%emt 0:02:29]} 15. Bb5 {[%emt 0:04:07]} a6 {[%emt 0:02:47]} 16. Bc6 {[%emt 0:00:28]} Rd8 {[%emt 0:01:32]} 17. Qe2 {[%emt 0:04:12]} Qf4 {[%emt 0:09:55]} 18. Bxd7 {[%emt 0:15:40]} Rxd7 {[%emt 0:03:40]} 19. Reb1 {[%emt 0:06:17]} Qd6 {[%emt 0:13:09]} 20. Qe5 {[%emt 0:10:26]} Qxe5 {[%emt 0:02:01]} 21. Nxe5 {[%emt 0:01:20]} Rc7 {[%emt 0:00:26]} 22. Ra3 {[%emt 0:00:49]} Bd7 {[%emt 0:03:50]} 23. Kf1 {[%emt 0:12:19]} f6 {[%emt 0:08:00]} 24. Nd3 {[%emt 0:03:38]} Rbb7 {[%emt 0:11:35]} 25. Nb4 {[%emt 0:02:00]} Ra7 {[%emt 0:00:38]} 26. Nd3 {[%emt 0:00:12]} Rab7 {[%emt 0:00:29]} 27. Nb4 {[%emt 0:00:11]} 1/2-1/2

[Event "Kragero Resort International 2022"]
[Site "Kragero"]
[Date "2022.02.23"]
[Round "2.3"]
[White "Sanal, Vahap"]
[Black "Hirneise, Jens"]
[Result "1-0"]
[WhiteElo "2601"]
[BlackElo "2327"]
[Annotator "TA"]
[PlyCount "69"]
[EventDate "2022.02.23"]
[EventType "swiss"]
[EventCountry "NOR"]
[SourceTitle "playchess.com"]
[Source "ChessBase"]
[SourceQuality "1"]

{[%evp 9,69,0,5,12,11,5,5,7,29,26,24,24,27,19,44,42,50,43,33,25,52,47,51,52,66,51,55,56,53,61,101,101,97,98,97,97,170,175,166,6,31,24,10,-27,-26,-21,-16,-60,-44,-50,15,24,451,375,331,106,108,88,29990,29991,29995,1377]} 1. e4 c5 2. Nc3 Nc6 3. Bb5 Nd4 4. a4 e6 5. Nge2 Ne7 6. Nxd4 {B23: Closed Sicilian: Lines without g3.} cxd4 7. Ne2 a6 8. Bc4 {The position is equal.} Nc6 9. O-O {[#]} d5 $146 ({Predecessor:} 9... Be7 10. d3 O-O 11. Bb3 f5 12. Bd2 Bc5 13. exf5 Rxf5 14. Ng3 Rf8 15. f4 d5 {1-0 (62) Nickel,A (2641)-Drake Diez De Rivera,P (2589) ICCF email 2009}) 10. exd5 exd5 11. Bb3 Bd6 {[%cal Od4d3]} 12. d3 O-O 13. Nf4 Be6 14. Bd2 Re8 15. Nxe6 fxe6 16. f4 Qc7 17. Kh1 Rf8 {[%cal Rd6f4]} 18. Qg4 {Threatens to win with Rae1.} Rf5 19. Rae1 Qf7 20. Qe2 $1 Rf6 21. g4 {[%cal Of4f5,Bg2g4,Bg4g5][%mdl 32]} h6 22. f5 {[%cal Rf5e6]} exf5 (22... Rf8 $16 {was necessary.}) 23. g5 $1 $18 (23. Qg2 Ne7 $11) 23... Rg6 24. Rg1 $2 ({Only move:} 24. gxh6 $1 $18 Ne7 25. hxg7) 24... f4 25. Qf3 $36 {[%mdl 3072] White has compensation. White is more active.} Ne7 (25... Rxg5 $2 26. Rxg5 Kh8 27. Rxd5 $18) (25... hxg5 $2 26. Bxd5 Rf6 27. Rxg5 $18) 26. h4 {[%cal Oe1e4]} Kh8 27. Re2 Rf8 28. Rge1 (28. Be1 $11 {feels stronger.}) 28... Nf5 (28... hxg5 $5 {[%cal Rg5g4]} 29. Rxe7 Bxe7 30. Bxd5 Qf6 $17) 29. Bxd5 Qc7 (29... Qd7 $15 30. Rh2 Qxa4) 30. Re8 $11 {aiming for Rxf8+.} Ng3+ $2 {[%mdl 8192]} (30... Qd7 $1 $11 {and Black stays safe.} 31. Qxf4 (31. Rxf8+ Bxf8 32. Be4 Ng3+ 33. Kg1 Nxe4 $11) 31... Ng3+ 32. Qxg3 Rxe8 33. Rxe8+ Qxe8) 31. Kg1 hxg5 {[#]} 32. hxg5 (32. Rxf8+ $1 $18 Bxf8 33. Re8) 32... Rxg5 $16 {[#] ...g6 is the strong threat.} 33. Bxf4 $1 {[%mdl 64] Pin. Chess con chili. White is more active. A strong pair of Bishops.} ({Don't play} 33. Rxf8+ $6 Bxf8 34. Re8 Qc5 $14) 33... Ne2+ $2 {[%mdl 8192]} (33... Bxf4 $16 34. Rxf8+ Kh7 35. Rxf4 (35. Bg8+ Kh6 $11) 35... Ne2+ 36. Kf1 Nxf4 37. Bxb7 g6) 34. Kf2 Bxf4 35. Qh3+ {Weighted Error Value: White=0.20 (precise) /Black=0.49} 1-0

[Event "Kragero Resort International 2022"]
[Site "Kragero"]
[Date "2022.02.23"]
[Round "2.3"]
[White "Haug, Havard"]
[Black "Nordquelle, Pal"]
[Result "1-0"]
[WhiteElo "1801"]
[BlackElo "1622"]
[Annotator "NA RC"]
[PlyCount "33"]
[EventDate "2022.02.23"]
[EventType "swiss"]
[EventCountry "NOR"]
[SourceTitle "playchess.com"]
[Source "ChessBase"]
[SourceQuality "1"]
[TimeControl "5400+30"]

1. e4 {[%emt 0:00:01]} c5 {[%emt 0:00:08]} 2. c3 {[%emt 0:00:26]} Nf6 {[%emt 0:01:20]} 3. e5 {[%emt 0:00:20]} Nd5 {[%emt 0:00:30]} 4. d4 {[%emt 0:00:12]} cxd4 {[%emt 0:01:26]} 5. Nf3 {[%emt 0:00:39]} e6 {[%emt 0:01:27]} 6. cxd4 {[%emt 0:00:33]} Nc6 {[%emt 0:00:50]} 7. Nc3 {[%emt 0:00:17]} Bb4 {[%emt 0:00:40]} 8. Bd2 {[%emt 0:00:35]} Nxc3 {[%emt 0:04:28]} 9. bxc3 {[%emt 0:00:12]} Ba5 {[%emt 0:01:17]} 10. Bd3 {[%emt 0:00:59]} O-O {[%emt 0:00:13]} 11. Bxh7+ {[%emt 0:04:46]} Kh8 {[%emt 0:03:09]} 12. Bd3 {[%emt 0:01:30]} f5 {[%emt 0:01:06]} 13. exf6 {[%emt 0:00:52]} Qxf6 {[%emt 0:00:50]} 14. O-O {[%emt 0:00:58]} d5 {[%emt 0:01:23]} 15. Ne5 {[%emt 0:01:26]} Nxe5 {[%emt 0:00:58]} 16. Qh5+ {[%emt 0:00:09]} Kg8 {[%emt 0:01:26]} 17. Bg6 {[%emt 0:01:09]} 1-0

[Event "Kragero Resort International 2022"]
[Site "Kragero"]
[Date "2022.02.23"]
[Round "2.4"]
[White "Heitun, Odd Gunnar"]
[Black "Jonsson, Kristjan Dagur"]
[Result "0-1"]
[WhiteElo "1616"]
[BlackElo "1797"]
[Annotator "NA RC"]
[PlyCount "96"]
[EventDate "2022.02.23"]
[EventType "swiss"]
[EventCountry "NOR"]
[SourceTitle "playchess.com"]
[Source "ChessBase"]
[SourceQuality "1"]
[TimeControl "5400+30"]

1. d4 {[%emt 0:00:02]} d5 {[%emt 0:00:07]} 2. c4 {[%emt 0:00:04]} e6 {[%emt 0:00:04]} 3. Nc3 {[%emt 0:00:18]} Be7 {[%emt 0:00:11]} 4. Nf3 {[%emt 0:00:16]} Nf6 {[%emt 0:01:21]} 5. h3 {[%emt 0:00:33]} O-O {[%emt 0:01:17]} 6. Bf4 {[%emt 0:00:39]} c6 {[%emt 0:03:12]} 7. cxd5 {[%emt 0:08:56]} exd5 {[%emt 0:00:50]} 8. e3 {[%emt 0:00:34]} Bf5 {[%emt 0:01:07]} 9. Be2 {[%emt 0:00:29]} Nbd7 {[%emt 0:02:32]} 10. O-O {[%emt 0:00:44]} Re8 {[%emt 0:03:18]} 11. Rc1 {[%emt 0:01:16]} Ne4 {[%emt 0:05:35]} 12. Nxe4 {[%emt 0:04:25]} dxe4 {[%emt 0:02:46]} 13. Nd2 {[%emt 0:01:01]} Nf6 {[%emt 0:01:06]} 14. a3 {[%emt 0:02:44]} Nd5 {[%emt 0:03:32]} 15. Bh2 {[%emt 0:04:10]} Bg5 {[%emt 0:06:52]} 16. Qb3 {[%emt 0:15:30]} Qe7 {[%emt 0:07:07]} 17. Bc4 {[%emt 0:07:58]} Be6 {[%emt 0:09:40]} 18. Nxe4 {[%emt 0:05:20]} b5 {[%emt 0:01:28]} 19. Bd3 {[%emt 0:11:25]} Nxe3 {[%emt 0:03:56]} 20. Qc3 {[%emt 0:04:26]} Nxf1 {[%emt 0:01:47]} 21. Rxf1 {[%emt 0:01:41]} Bd5 {[%emt 0:02:27]} 22. Nc5 {[%emt 0:03:52]} Rad8 {[%emt 0:03:12]} 23. Bg3 {[%emt 0:03:08]} Bf6 {[%emt 0:03:11]} 24. Rd1 {[%emt 0:07:22]} g6 {[%emt 0:03:44]} 25. Bf1 {[%emt 0:02:00]} h5 {[%emt 0:04:41]} 26. b4 {[%emt 0:01:46]} Ra8 {[%emt 0:04:15]} 27. Na6 {[%emt 0:01:09]} Rac8 {[%emt 0:04:10]} 28. Nc5 {[%emt 0:00:10]} Bg7 {[%emt 0:00:53]} 29. Na6 {[%emt 0:04:36]} h4 {[%emt 0:05:23]} 30. Bh2 {[%emt 0:00:29]} Qb7 {[%emt 0:04:05]} 31. Nc5 {[%emt 0:00:12]} Qe7 {[%emt 0:00:18]} 32. Na6 {[%emt 0:00:10]} Qd8 {[%emt 0:01:39]} 33. Nc5 {[%emt 0:00:16]} Bf8 {[%emt 0:01:56]} 34. Be5 {[%emt 0:04:23]} f6 {[%emt 0:02:04]} 35. Bh2 {[%emt 0:00:54]} Bxc5 {[%emt 0:00:47]} 36. dxc5 {[%emt 0:00:12]} Kg7 {[%emt 0:00:55]} 37. Bd6 {[%emt 0:00:18]} a5 {[%emt 0:01:25]} 38. Bxb5 {[%emt 0:00:30]} Re6 {[%emt 0:02:58]} 39. Bf1 {[%emt 0:01:45]} a4 {[%emt 0:00:44]} 40. Bf4 {[%emt 0:00:35]} Qe8 {[%emt 0:00:47]} 41. Qc1 {[%emt 0:00:49]} Bb3 {[%emt 0:00:37]} 42. Rd4 {[%emt 0:00:59]} Re1 {[%emt 0:00:44]} 43. Qc3 {[%emt 0:00:32]} Qe2 {[%emt 0:00:57]} 44. Rd7+ {[%emt 0:02:18]} Kg8 {[%emt 0:00:37]} 45. Qd3 {[%emt 0:01:07]} Rxf1+ {[%emt 0:00:32]} 46. Kh2 {[%emt 0:00:06]} Qxd3 {[%emt 0:00:06]} 47. Rxd3 {[%emt 0:00:04]} Rxf2 {[%emt 0:00:27]} 48. Rd7 {[%emt 0:00:34]} Rxf4 {[%emt 0:00:21]} 0-1

[Event "Kragero Resort International 2022"]
[Site "Kragero"]
[Date "2022.02.23"]
[Round "2.5"]
[White "Stanford, Maxim Barth"]
[Black "Dardha, Daniel"]
[Result "0-1"]
[WhiteElo "2339"]
[BlackElo "2541"]
[Annotator "TA"]
[PlyCount "82"]
[EventDate "2022.02.23"]
[EventType "swiss"]
[EventCountry "NOR"]
[SourceTitle "playchess.com"]
[Source "ChessBase"]
[SourceQuality "1"]

{[%evp 21,82,-15,0,-15,15,8,2,-7,0,-14,0,-19,-8,-68,-68,-62,-63,-64,-75,-64,-76,-104,-109,-107,-100,-121,-125,-103,-112,-233,-228,-207,-178,-268,-281,-258,-279,-267,-288,-278,-269,-266,-223,-227,-208,-225,-186,-285,-259,-400,-389,-563,-568,-554,-539,-1825,-1827,-1816,-1174,-1159,-1006,-29989,-29990]} 1. e4 c5 2. Nf3 d6 3. d4 cxd4 4. Nxd4 Nf6 5. Nc3 Nc6 6. Be2 g6 7. O-O Bg7 8. Nb3 O-O 9. Be3 b6 10. f4 Bb7 11. Bf3 Nd7 $1 {[%cal Bf6d7,Bd7c5,Bc5e6][%mdl 32] The main line 11...Nd7 scores better than 11...Rc8.} 12. Nd4 {[#] B74: Sicilian Dragon: Classical System with 9 Nb3.} Na5 $146 ({Predecessor:} 12... Nc5 13. Nxc6 Bxc6 14. Bd4 e5 15. Bxc5 bxc5 16. f5 Rb8 17. Rb1 Rb4 18. fxg6 hxg6 19. Qe2 Bh6 {0-1 (29) Mukhutdinov,T (2376)-Lomasov,S (2530) Moscow 2018}) 13. b3 $1 {To avoid Nc4} Rc8 14. Nce2 {The position is equal.} Nc5 15. Ng3 Nc6 16. Nxc6 Bxc6 17. Bd4 ({White should play} 17. Rc1 $11) 17... e5 $15 18. fxe5 Bxe5 19. Qd2 Ne6 20. Bxe5 dxe5 21. Qf2 Qg5 {Inhibits Bg4.} 22. Rad1 Rcd8 23. Ne2 Rxd1 {Black is more active.} 24. Rxd1 Rd8 {[%cal Bf8d8,Bd8d2,Bd2c2][%mdl 32]} 25. Rf1 (25. Rxd8+ $17 {was necessary.} Nxd8 26. h3) 25... Rd2 $19 {...Nf4 is the strong threat.} 26. h4 Qe7 27. Qg3 (27. Rc1 $142) 27... Nc5 (27... Rxc2 $2 28. Qxe5 Qxh4 29. Qb8+ Qd8 30. Qxd8+ Nxd8 31. Nd4 Rxa2 32. Rc1 $19) 28. Nc3 Rxc2 29. Nd5 Bxd5 30. exd5 Rd2 31. h5 e4 ({Wrong is} 31... Rxa2 $2 32. b4 Nb3 33. Re1 $19) 32. Rd1 Rxd1+ ({Avoid the trap} 32... Rxa2 $2 33. d6 Qf6 34. Bg4) 33. Bxd1 Nd7 34. Bg4 (34. d6 $142 Qf6 35. Bg4 Qd4+ 36. Kh2) 34... Qe5 35. Qh4 (35. Qxe5 {might work better.} Nxe5 36. Bc8) 35... Nf6 36. h6 (36. Be2 $142) 36... Qf4 {[#] aiming for ...g5.} 37. d6 Kf8 ({Less strong is} 37... Qxg4 38. Qxg4 Nxg4 39. d7 Nxh6 40. d8=Q+ $18) 38. d7 Ke7 {Threatens to win with ...g5.} 39. g3 Qc1+ 40. Kg2 Qd2+ 41. Kh3 g5 {White got outplayed after the opening.  Weighted Error Value: White=0.59/Black=0.06 (flawless)} 0-1

[Event "Kragero Resort International 2022"]
[Site "Kragero"]
[Date "2022.02.23"]
[Round "2.5"]
[White "Bjarnason, Snorri Vikanes"]
[Black "Hammari, Vinjar"]
[Result "1-0"]
[WhiteElo "1606"]
[BlackElo "1775"]
[Annotator "NA RC"]
[PlyCount "89"]
[EventDate "2022.02.23"]
[EventType "swiss"]
[EventCountry "NOR"]
[SourceTitle "playchess.com"]
[Source "ChessBase"]
[SourceQuality "1"]
[TimeControl "5400+30"]

1. e4 {[%emt 0:00:35]} e6 {[%emt 0:00:10]} 2. d4 {[%emt 0:00:21]} d5 {[%emt 0:00:10]} 3. e5 {[%emt 0:00:51]} c5 {[%emt 0:00:14]} 4. c3 {[%emt 0:00:08]} Qb6 {[%emt 0:00:03]} 5. Nf3 {[%emt 0:00:13]} Nc6 {[%emt 0:00:05]} 6. Be2 {[%emt 0:00:24]} cxd4 {[%emt 0:00:53]} 7. cxd4 {[%emt 0:00:06]} Nh6 {[%emt 0:00:06]} 8. Bxh6 {[%emt 0:01:43]} Qxb2 {[%emt 0:00:55]} 9. Nbd2 {[%emt 0:00:20]} gxh6 {[%emt 0:00:20]} 10. O-O {[%emt 0:00:21]} Bg7 {[%emt 0:06:54]} 11. Qa4 {[%emt 0:02:23]} Qb4 {[%emt 0:03:38]} 12. Qc2 {[%emt 0:06:23]} Nxd4 {[%emt 0:06:48]} 13. Nxd4 {[%emt 0:00:29]} Qxd4 {[%emt 0:01:08]} 14. Bb5+ {[%emt 0:00:11]} Bd7 {[%emt 0:00:40]} 15. Nf3 {[%emt 0:02:00]} Qb6 {[%emt 0:00:30]} 16. Bxd7+ {[%emt 0:00:21]} Kxd7 {[%emt 0:00:07]} 17. Rab1 {[%emt 0:00:24]} Qc7 {[%emt 0:00:53]} 18. Qa4+ {[%emt 0:00:19]} Ke7 {[%emt 0:01:08]} 19. Rfc1 {[%emt 0:00:44]} Qb8 {[%emt 0:01:10]} 20. Qb4+ {[%emt 0:01:21]} Kd8 {[%emt 0:09:31]} 21. Qxb7 {[%emt 0:02:59]} Qxb7 {[%emt 0:00:37]} 22. Rxb7 {[%emt 0:00:12]} Rc8 {[%emt 0:00:16]} 23. Rxc8+ {[%emt 0:00:32]} Kxc8 {[%emt 0:00:07]} 24. Rxf7 {[%emt 0:00:14]} Bf8 {[%emt 0:00:17]} 25. Rxa7 {[%emt 0:00:31]} Kb8 {[%emt 0:01:24]} 26. Rf7 {[%emt 0:00:41]} Bb4 {[%emt 0:00:50]} 27. g3 {[%emt 0:01:54]} Rd8 {[%emt 0:00:41]} 28. Nd4 {[%emt 0:00:18]} Rc8 {[%emt 0:00:42]} 29. Rxh7 {[%emt 0:00:25]} Bc3 {[%emt 0:00:26]} 30. Nxe6 {[%emt 0:00:23]} Re8 {[%emt 0:00:17]} 31. Nc5 {[%emt 0:01:11]} d4 {[%emt 0:00:05]} 32. Rxh6 {[%emt 0:00:50]} Kc7 {[%emt 0:00:16]} 33. Nd3 {[%emt 0:00:46]} Ra8 {[%emt 0:00:12]} 34. Rh7+ {[%emt 0:00:54]} Kc6 {[%emt 0:00:12]} 35. e6 {[%emt 0:00:49]} Rxa2 {[%emt 0:00:21]} 36. e7 {[%emt 0:00:15]} Kd7 {[%emt 0:02:17]} 37. Ne5+ {[%emt 0:00:10]} Ke8 {[%emt 0:00:05]} 38. Nc6 {[%emt 0:01:24]} d3 {[%emt 0:00:06]} 39. Rh6 {[%emt 0:01:54]} Ra6 {[%emt 0:00:49]} 40. Rd6 {[%emt 0:00:41]} Rxc6 {[%emt 0:00:10]} 41. Rxc6 {[%emt 0:00:21]} d2 {[%emt 0:00:07]} 42. Rd6 {[%emt 0:00:27]} Kxe7 {[%emt 0:00:04]} 43. Rd3 {[%emt 0:00:26]} Ke6 {[%emt 0:00:07]} 44. Kf1 {[%emt 0:00:11]} Ke5 {[%emt 0:00:14]} 45. f3 {[%emt 0:00:22]} 1-0